| 000 | 00503cam a2200193ua 4500 | ||
|---|---|---|---|
| 020 | _c100.00 | ||
| 041 |
_aeng _h |
||
| 082 |
_a631.4012 _bREV/EX |
||
| 100 | _aRevut, I B . | ||
| 245 |
_aExperimental methods of studying soil structure / _cI B Revut. _hTextual Documents |
||
| 260 |
_aNew Delhi : _bAmerind Publishing Co Pvt Ltd , _c1981. |
||
| 300 | _a530 ; . | ||
| 365 | _a100.00 | ||
| 504 | _a | ||
| 700 | 1 | _aRode, A A . | |
| 942 | _cBK | ||
| 999 |
_c2694 _d2694 |
||